Rappeur undergroud - Statistiques

Statistiques générales
  • Ce quiz a été pris 107 fois
  • Le résultat moyen est 7 sur 79
Statistiques - réponses
nom du rappeur % Correct
la F
78%
la fève
62%
khali
39%
luther
32%
so la lune
29%
bushi
26%
j9ueve
21%
osirus jack
21%
8ruki
18%
8ruki
18%
thahomey
17%
kpri
16%
zeu
16%
menace santana
15%
zamdane
15%
gouap
14%
lesram
14%
zuukou mayzie
14%
azur
11%
doc ovg
11%
bb jacques
10%
winnterzuko
10%
black jack
9%
kerchak
9%
jolly
8%
mini
8%
norsacce berlusconi
8%
youv dee
8%
kaki santana
7%
wit
7%
jmk$
6%
kasper
6%
noma
6%
mussy
5%
slim c
5%
beendo z
3%
ormaz
3%
s-tee
3%
34murphy
2%
big b
2%
bitsu
2%
dil
2%
dundy
2%
j2lasteu
2%
rouge carmin
2%
sdg
2%
sheldon
2%
venom cz
2%
yuri
2%
6nueve
1%
beamer
1%
goulag
1%
josué
1%
jwles
1%
maarlo sb
1%
ras
1%
rifa samb
1%
savage toddy
1%
shaka
1%
sirap
1%
slayeur slace
1%
sobek le zini
1%
veerus
1%
16 homies
0%
bambino47
0%
doko
0%
d.o.m
0%
dubble G killuavi
0%
exoslayeur
0%
maebe
0%
okis
0%
opinel 21
0%
saint denis
0%
samouu skuu
0%
smag
0%
stlr
0%
$tanlee
0%
tazmor
0%
wassup rio
0%
Aucun quiz correspondant
Distribution des résultats
% des personnes avec chaque résultat
Percentile par nombre de réponses
Votre historique - résultats
Vous n’avez pas pris ce quiz